000 00866nam a2200289 a 4500
001 000116007
003 CHAP
005 20220329144557.0
008 190827s2006 mx |r| ||||p|spa d
010 _a112468
011 _a113440
020 _a9709108190
040 _cCHAP
082 0 4 _a861
_bR17h
100 1 _aRamos, Raymundo.
_9136686
245 1 0 _aHoracio :
_barte poético /
_cpor Raymundo Ramos; editado por Alfredo Castro Mondragón y Frida Varina Ramos Koprivitza.
260 _aMorelos :
_bQuadrivium,
_c2006.
300 _a78 p.
590 _aE11695DGD
_b10
_c20190828
_lUCH01
_h0935
590 _aE5765TAJ
_b05
_c20190827
_lUCH01
_h1301
650 1 4 _aPoesía mexicana.
_990146
700 1 _aCastro Mondragón, Alfredo
_eed.
_9136456
700 1 _aRamos Koprivitza, Frida Varinia
_ecoed.
_9136661
901 _aBK
942 _cLIBRO
942 _n0
999 _c112468
_d112468